Top 50 best european soccer players ever - Statistics

General Stats
  • This quiz has been taken 503 times
  • The average score is 8 of 15
Answer Stats
Hint Answer % Correct
Portugal Ronaldo
94%
France Zidane
86%
Netherlands Cruyff
82%
Northern Ireland Best
80%
France Henry
79%
Germany Muller
67%
France Platini
63%
Netherlands Gullit
59%
Italy Maldini
59%
Bulgaria Stoichkov
57%
England Charlton
43%
Netherlands Bergkamp
26%
Ireland Roy keane
10%
France Viera
9%
Italy Zola
8%
No matching quizzes found
Score Distribution
Percent of People with Each Score
Percentile by Number Answered
Your Score History
You have not taken this quiz